[Event "XII Open A"]
[Site "Bergamo ITA"]
[Date "2013.07.21"]
[Round "5"]
[White "Messina, Roberta"]
[Black "Aghayev, Miragha"]
[WhiteElo "2089"]
[BlackElo "2299"]
[Result "0-1"]
[PlyCount "100"]
[EventDate "2013.07.19"]

1. c4 Nf6 2. g3 e6 3. Bg2 c5 4. Nf3 b6 5. O-O Bb7 6. e3 Qc7 7. b3 d5 8. Bb2
Nbd7 9. Qe2 Rc8 10. Rd1 Be7 11. d3 O-O 12. Nc3 Rfd8 13. Ne1 a6 14. f4 Bc6 15.
cxd5 exd5 16. e4 d4 17. Nb1 b5 18. Nd2 Nb6 19. Rdc1 Qb8 20. Rab1 Bf8 21. h3 Bb7
22. Ba1 Re8 23. Qf2 Red8 24. Nef3 a5 25. Ne5 Nfd7 26. Nxd7 Rxd7 27. a4 bxa4 28.
bxa4 Qa7 29. Nf3 Ba6 30. Ne5 Re7 31. Qd2 f6 32. Qa2+ Kh8 33. Rxb6 fxe5 34. Qb3
Bxd3 35. fxe5 c4 36. Qb5 c3 37. Qb3 Bc4 38. Qb1 Ba2 39. Qb5 Rxe5 40. Qxe5 Qxb6
41. Kh2 Bd6 42. Qf5 Be6 43. Qb5 Qxb5 44. axb5 Be5 45. Bf1 Bc4 46. Bxc4 Rxc4 47.
Rf1 Kg8 48. Rf5 d3 49. Rxe5 c2 50. Bb2 d2 0-1

[Event "XII Open A"]
[Site "Bergamo ITA"]
[Date "2013.07.21"]
[Round "5"]
[White "Montilli, Vincenzo"]
[Black "De Palma, Fabrizio"]
[WhiteElo "2015"]
[BlackElo "2136"]
[Result "1/2-1/2"]
[PlyCount "35"]
[EventDate "2013.07.19"]

1. d4 Nf6 2. c4 e6 3. Nc3 Bb4 4. Qc2 d5 5. a3 Bxc3+ 6. Qxc3 Ne4 7. Qc2 c5 8.
dxc5 Nc6 9. Nf3 Qa5+ 10. Bd2 Nxd2 11. Qxd2 dxc4 12. Qxa5 Nxa5 13. e3 Bd7 14.
Ne5 Rc8 15. Nxc4 Nxc4 16. Bxc4 Rxc5 17. Bd3 Ke7 18. Ke2 1/2-1/2

[Event "XII Open A"]
[Site "Bergamo ITA"]
[Date "2013.07.21"]
[Round "5"]
[White "Pienabarca, Nicola"]
[Black "Neuschmied, Siegfried"]
[WhiteElo "2115"]
[BlackElo "2243"]
[Result "1-0"]
[PlyCount "81"]
[EventDate "2013.07.19"]

1. d4 Nf6 2. c4 e6 3. g3 d5 4. Bg2 dxc4 5. Nf3 a6 6. a4 Bb4+ 7. Bd2 c5 8. Bxb4
cxb4 9. Qc2 Nc6 10. Qxc4 O-O 11. O-O Qe7 12. Nbd2 Bd7 13. e4 Rfc8 14. Qd3 e5
15. Nc4 exd4 16. Nb6 Be6 17. Nxa8 Rxa8 18. Nxd4 Qd7 19. Rfd1 Ne5 20. Qd2 Bh3
21. Nf3 Qxd2 22. Rxd2 Bxg2 23. Kxg2 Nc4 24. Rd4 Rc8 25. b3 Na5 26. Rxb4 Kf8 27.
Rd1 Ke7 28. Rd3 Nd7 29. Nd4 g6 30. f4 Rc1 31. e5 Nc5 32. Re3 Rd1 33. Nf3 Rb1
34. Nd4 Rd1 35. Ne2 Rb1 36. Nc3 Rc1 37. Ne4 Rc2+ 38. Kh3 Ne6 39. Rc3 Re2 40.
Nd6 Nd8 41. Rb6 1-0

[Event "XII Open A"]
[Site "Bergamo ITA"]
[Date "2013.07.21"]
[Round "5"]
[White "Quaranta, Cristiano"]
[Black "Movileanu, Daniela"]
[WhiteElo "2168"]
[BlackElo "2030"]
[Result "1/2-1/2"]
[PlyCount "49"]
[EventDate "2013.07.19"]

1. e4 c5 2. d4 cxd4 3. c3 dxc3 4. Nxc3 Nc6 5. Nf3 g6 6. Bc4 Bg7 7. e5 Qa5 8.
O-O Nxe5 9. Nxe5 Bxe5 10. Nb5 Nf6 11. Re1 d6 12. Bd2 Qd8 13. Qb3 d5 14. Rxe5
dxc4 15. Qxc4 O-O 16. Qe2 a6 17. Nc3 Be6 18. Bh6 Ng4 19. Bxf8 Nxe5 20. Bxe7
Qxe7 21. Qxe5 f6 22. Qe3 Qf7 23. a3 Rc8 24. Qf3 Bf5 25. h3 1/2-1/2

[Event "XII Open A"]
[Site "Bergamo ITA"]
[Date "2013.07.21"]
[Round "5"]
[White "Sgnaolin, Davide"]
[Black "Granaldi, Alessandro"]
[WhiteElo "2258"]
[BlackElo "2114"]
[Result "1-0"]
[PlyCount "73"]
[EventDate "2013.07.19"]

1. c4 c5 2. g3 Nc6 3. Bg2 g6 4. Nc3 Bg7 5. Nf3 e5 6. O-O Nge7 7. Ne1 O-O 8. a3
a5 9. Rb1 d6 10. Nc2 Be6 11. Ne3 f5 12. d3 Rc8 13. Ned5 Bxd5 14. Nxd5 Nxd5 15.
Bxd5+ Kh8 16. Bd2 b6 17. b4 cxb4 18. axb4 Ne7 19. Bg2 d5 20. bxa5 bxa5 21. cxd5
Nxd5 22. Qb3 e4 23. Rfc1 Nf6 24. Be3 exd3 25. exd3 Ng4 26. Bc5 Rxc5 27. Rxc5
Qd4 28. Rc2 f4 29. Rf1 Nxh2 30. Kxh2 Be5 31. Qc4 Kg7 32. Bh3 g5 33. Rg1 Qd6 34.
Qe4 fxg3+ 35. fxg3 Rd8 36. Qg4 Bf6 37. Rc8 1-0

[Event "XII Open A"]
[Site "Bergamo ITA"]
[Date "2013.07.21"]
[Round "5"]
[White "Simonetto, Adriano"]
[Black "Bellavita, Guido"]
[WhiteElo "2026"]
[BlackElo "2031"]
[Result "1/2-1/2"]
[PlyCount "71"]
[EventDate "2013.07.19"]

1. d4 e6 2. c4 f5 3. g3 Nf6 4. Bg2 c6 5. Nf3 d5 6. O-O Bd6 7. Qc2 O-O 8. Nbd2
Qe8 9. Ne5 Nbd7 10. f4 Ne4 11. Ndf3 Rf6 12. Rb1 Rh6 13. b4 Ndf6 14. b5 dxc4 15.
bxc6 bxc6 16. Qxc4 Nd5 17. Rb3 Nb6 18. Qxc6 Qxc6 19. Nxc6 Bb7 20. Nfe5 Bxe5 21.
Nxe5 Bd5 22. Bxe4 Bxe4 23. Bd2 Nd5 24. Ra3 Rf6 25. Nd7 Rf7 26. Nc5 Nf6 27. Nxe6
Bd5 28. Nc5 Re7 29. e3 Rb8 30. Bc1 Rb4 31. Rc3 Re8 32. Ba3 Rc4 33. Rfc1 Rxc3
34. Rxc3 Bxa2 35. Bc1 Bd5 36. Na6 1/2-1/2

[Event "XII Open A"]
[Site "Bergamo ITA"]
[Date "2013.07.21"]
[Round "5"]
[White "Sirena, Gianni"]
[Black "Ranfagni, Stefano"]
[WhiteElo "2014"]
[BlackElo "2037"]
[Result "1/2-1/2"]
[PlyCount "81"]
[EventDate "2013.07.19"]

1. e4 e6 2. d4 d5 3. Nd2 Nf6 4. e5 Nfd7 5. c3 c5 6. Bd3 Nc6 7. Ne2 cxd4 8. cxd4
f6 9. exf6 Nxf6 10. O-O Bd6 11. Nf3 O-O 12. Bf4 Bxf4 13. Nxf4 Ne4 14. Ne2 Ng5
15. Nxg5 Qxg5 16. Qc1 Qf6 17. Qe3 Bd7 18. f4 Be8 19. Rad1 Bh5 20. g3 a6 21.
Rfe1 Rae8 22. Rd2 Qh6 23. Nc1 Bg6 24. Bxg6 Qxg6 25. Nd3 Re7 26. Ne5 Nxe5 27.
Qxe5 Qf6 28. Rde2 Qxe5 29. Rxe5 Rfe8 30. f5 Kf7 31. fxe6+ Rxe6 32. Rf1+ Kg8 33.
Rxd5 Re2 34. Rf2 Re1+ 35. Kg2 h6 36. Rd7 R8e7 37. Rxe7 Rxe7 38. Kf3 Kf7 39. Re2
Rd7 40. Ke4 Ke6 41. d5+ 1/2-1/2

[Event "XII Open A"]
[Site "Bergamo ITA"]
[Date "2013.07.21"]
[Round "5"]
[White "Solomon, Kenny"]
[Black "Migliorini, Matteo"]
[WhiteElo "2410"]
[BlackElo "2006"]
[Result "1/2-1/2"]
[PlyCount "108"]
[EventDate "2013.07.19"]

1. Nf3 c5 2. c4 Nc6 3. Nc3 g6 4. e3 Nf6 5. d4 cxd4 6. exd4 d5 7. cxd5 Nxd5 8.
Qb3 e6 9. Bc4 Na5 10. Bb5+ Bd7 11. Qa4 Nc6 12. Nxd5 exd5 13. O-O Be7 14. Bh6 a6
15. Bxc6 Bxc6 16. Qb3 f6 17. Rfe1 Kf7 18. h4 Re8 19. Nd2 Qa5 20. a3 Bf8 21. Bf4
Rac8 22. h5 Qa4 23. hxg6+ hxg6 24. Qh3 Bg7 25. Nf3 Kg8 26. Bh6 Bd7 27. Qh4 Qc2
28. Bxg7 Kxg7 29. b4 Bf5 30. Qf4 Re4 31. Rxe4 Bxe4 32. Nh2 Qc3 33. Rd1 Qc2 34.
Rf1 Qc7 35. Qg4 Rh8 36. f4 f5 37. Qg3 Qc4 38. Qf2 Qc3 39. a4 Rc8 40. Nf3 Bxf3
41. gxf3 Rc4 42. Rd1 Rxb4 43. Qe2 Qc7 44. Qe3 Rxa4 45. Kh1 b5 46. Re1 Rc4 47.
Kg2 Rc2+ 48. Kh3 Kf6 49. Qe6+ Kg7 50. Qe8 Qxf4 51. Qe7+ Kg8 52. Qe8+ Kg7 53.
Qe7+ Kg8 54. Qe8+ Kg7 1/2-1/2

[Event "XII Open A"]
[Site "Bergamo ITA"]
[Date "2013.07.21"]
[Round "5"]
[White "Ventura, Salvatore"]
[Black "Chiaretti, Roberto"]
[WhiteElo "2017"]
[BlackElo "2212"]
[Result "0-1"]
[PlyCount "84"]
[EventDate "2013.07.19"]

1. e4 e6 2. d4 c5 3. d5 exd5 4. exd5 d6 5. Nf3 Nf6 6. Be2 Be7 7. O-O O-O 8. Nc3
Na6 9. h3 Nc7 10. Bf4 Bd7 11. a4 a6 12. a5 Bb5 13. Re1 Re8 14. b3 Nh5 15. Bh2
Bf6 16. Bxb5 axb5 17. Qd3 b4 18. Ne4 Bxa1 19. Rxa1 Ra6 20. c4 f5 21. Ng3 Nxg3
22. Bxg3 Qf6 23. Ra4 h6 24. Bf4 Rea8 25. h4 Rxa5 26. Rxa5 Rxa5 27. g3 b5 28.
Nd2 g5 29. hxg5 hxg5 30. Be3 Ra1+ 31. Nf1 f4 32. Bd2 bxc4 33. Qxc4 fxg3 34.
fxg3 Qf3 35. Bc1 Ra2 36. Bd2 Rxd2 37. Nxd2 Qe3+ 38. Kf1 Qxd2 39. Qe4 Qxd5 40.
Qg6+ Kf8 41. Qh6+ Ke8 42. Kg1 Kd7 0-1

[Event "XII Open A"]
[Site "Bergamo ITA"]
[Date "2013.07.21"]
[Round "6"]
[White "Bardone, Lorenzo"]
[Black "Rota, Simone"]
[WhiteElo "1988"]
[BlackElo "2037"]
[Result "0-1"]
[PlyCount "82"]
[EventDate "2013.07.19"]

1. e4 c5 2. Nf3 d6 3. Bb5+ Bd7 4. Bxd7+ Qxd7 5. O-O Nc6 6. c3 g6 7. d4 cxd4 8.
cxd4 Bg7 9. Nc3 a6 10. Be3 Nf6 11. Na4 Rd8 12. d5 Ne5 13. Nxe5 dxe5 14. Nc5 Qb5
15. f3 O-O 16. Qd2 Rb8 17. a4 Qe8 18. a5 Nd7 19. b4 Nf6 20. Rac1 Qb5 21. Rc2
Ne8 22. Rfc1 Nd6 23. Qd3 Qe8 24. Nb3 Nb5 25. Nd2 Qd7 26. Nc4 Rfd8 27. Na3 Nd4
28. Bxd4 exd4 29. Rc7 Qd6 30. b5 Qb4 31. Kf1 Qxa5 32. Rxe7 Bf8 33. Nc4 Qxb5 34.
Rb1 Qa4 35. Rexb7 Rxb7 36. Rxb7 Rc8 37. Nb2 Qa1+ 38. Kf2 Qc1 39. Kg3 Bd6+ 40.
Kh3 Qh6+ 41. Kg4 Qh5# 0-1

[Event "XII Open A"]
[Site "Bergamo ITA"]
[Date "2013.07.21"]
[Round "6"]
[White "Bargeri, Ludovico"]
[Black "Molina, Fabrizio"]
[WhiteElo "2054"]
[BlackElo "2248"]
[Result "1/2-1/2"]
[PlyCount "63"]
[EventDate "2013.07.19"]

1. d4 d5 2. c4 c6 3. Nf3 e6 4. e3 Nf6 5. b3 Nbd7 6. Bb2 Bd6 7. Bd3 O-O 8. Nbd2
Qe7 9. Ne5 Ba3 10. Bxa3 Qxa3 11. f4 dxc4 12. Nexc4 Qe7 13. O-O c5 14. Qf3 Rd8
15. Rad1 Nf8 16. Ne4 cxd4 17. Nxf6+ Qxf6 18. e4 e5 19. Nxe5 Be6 20. Ng4 Bxg4
21. Qxg4 g6 22. f5 g5 23. e5 Qxe5 24. Qxg5+ Qg7 25. Qh4 Rd6 26. f6 Ng6 27. Qg5
h6 28. Qg3 Rxf6 29. Rxf6 Qxf6 30. Bxg6 fxg6 31. Qc7 Rf8 32. Qc4+ 1/2-1/2

[Event "XII Open A"]
[Site "Bergamo ITA"]
[Date "2013.07.21"]
[Round "6"]
[White "Bellavita, Guido"]
[Black "Bonassi, Tommaso"]
[WhiteElo "2031"]
[BlackElo "1944"]
[Result "1/2-1/2"]
[PlyCount "47"]
[EventDate "2013.07.19"]

1. d4 Nf6 2. Nf3 e6 3. e3 d5 4. Bd3 c5 5. b3 Nc6 6. O-O Bd6 7. Bb2 O-O 8. Nbd2
Re8 9. Ne5 Qb6 10. dxc5 Qxc5 11. Nxc6 bxc6 12. Bd4 Qb4 13. a3 Qb8 14. Bxf6 gxf6
15. Qh5 f5 16. f4 Bc5 17. Rf3 Kf8 18. b4 Bb6 19. Nb3 Qd6 20. c4 dxc4 21. Bxc4
Bxe3+ 22. Rxe3 Qxf4 23. Rc3 a5 24. Qf3 1/2-1/2

[Event "XII Open A"]
[Site "Bergamo ITA"]
[Date "2013.07.21"]
[Round "6"]
[White "Buiano, Fabio"]
[Black "Kupresakovic, Marko"]
[WhiteElo "2029"]
[BlackElo "1926"]
[Result "0-1"]
[PlyCount "65"]
[EventDate "2013.07.19"]

1. e4 e6 2. d4 d5 3. Nc3 c6 4. Nf3 Ne7 5. Bd3 Ng6 6. h4 h5 7. Bg5 Be7 8. Bxe7
Qxe7 9. Qd2 Nd7 10. O-O-O b5 11. exd5 cxd5 12. Nxd5 Qd6 13. Nc3 a6 14. Bxg6
fxg6 15. Qg5 Kf7 16. Ne5+ Nxe5 17. dxe5 Qe7 18. Ne4 Bb7 19. Nd6+ Kg8 20. Rh3
Bd5 21. Rg3 Rh6 22. f4 b4 23. f5 Qd8 24. b3 Qa5 25. fxg6 Qxa2 26. Qf4 Rf8 27.
Qd4 a5 28. Kd2 Bxb3 29. Rxb3 Rxg6 30. g3 Rg4 31. Qa1 Rf2+ 32. Ke1 Qxc2 33. Re3
0-1

[Event "XII Open A"]
[Site "Bergamo ITA"]
[Date "2013.07.21"]
[Round "6"]
[White "Caprio, Guido"]
[Black "Solomon, Kenny"]
[WhiteElo "2415"]
[BlackElo "2410"]
[Result "1-0"]
[PlyCount "85"]
[EventDate "2013.07.19"]

1. d4 Nf6 2. c4 e6 3. Nc3 Bb4 4. e3 O-O 5. Bd3 d5 6. Nf3 c5 7. O-O Nc6 8. cxd5
exd5 9. dxc5 Bxc5 10. h3 Bb6 11. b3 Qe7 12. Nb5 a5 13. Bb2 Ne4 14. Nbd4 Nb4 15.
Bb5 Rd8 16. a3 Na6 17. Rc1 Nc7 18. Bd3 Rd6 19. Rc2 Rg6 20. Kh1 Rh6 21. Qe2 Bd7
22. Rfc1 Ne8 23. Bb5 N8d6 24. Bxd7 Qxd7 25. Ne5 Qe8 26. Nd3 Bxd4 27. Bxd4 Nf5
28. Qg4 g6 29. Bb2 Rh4 30. Qf3 Rd8 31. Nc5 Ng5 32. Qe2 Qe7 33. Kg1 Nxh3+ 34.
gxh3 Rxh3 35. Qg4 Rh4 36. Qg2 h5 37. Kf1 Rg4 38. Qf3 d4 39. Bxd4 Rdxd4 40. exd4
Qg5 41. Ne6 fxe6 42. Rc8+ Kh7 43. R1c7+ 1-0

[Event "XII Open A"]
[Site "Bergamo ITA"]
[Date "2013.07.21"]
[Round "6"]
[White "De Palma, Fabrizio"]
[Black "Cattaneo, Marco"]
[WhiteElo "2136"]
[BlackElo "2079"]
[Result "1/2-1/2"]
[PlyCount "26"]
[EventDate "2013.07.19"]

1. c4 g6 2. g3 Bg7 3. Bg2 d6 4. Nc3 Nf6 5. Nf3 O-O 6. d4 Nc6 7. O-O a6 8. e4
Bg4 9. Be3 Nd7 10. Qd2 Bxf3 11. Bxf3 e5 12. d5 Nd4 13. Bg2 c5 1/2-1/2

[Event "XII Open A"]
[Site "Bergamo ITA"]
[Date "2013.07.21"]
[Round "6"]
[White "Farago, Ivan"]
[Black "Pienabarca, Nicola"]
[WhiteElo "2447"]
[BlackElo "2115"]
[Result "1-0"]
[PlyCount "51"]
[EventDate "2013.07.19"]

1. d4 Nf6 2. c4 g6 3. Nc3 d5 4. e3 Bg7 5. Qb3 c6 6. Nf3 O-O 7. Bd2 e6 8. Bd3
Nbd7 9. O-O dxc4 10. Bxc4 Nb6 11. Be2 Nfd7 12. a4 a5 13. e4 c5 14. Bg5 Bf6 15.
Bxf6 Nxf6 16. dxc5 Nbd7 17. Rfd1 Nxc5 18. Qa3 Qb6 19. e5 Nfe4 20. Nxe4 Nxe4 21.
Rd4 Nc5 22. Rad1 Qc7 23. Qe3 Bd7 24. Qh6 f6 25. exf6 Bxa4 26. Rd7 1-0

[Event "XII Open A"]
[Site "Bergamo ITA"]
[Date "2013.07.21"]
[Round "6"]
[White "Ficco, Corrado"]
[Black "Sirena, Gianni"]
[WhiteElo "2092"]
[BlackElo "2014"]
[Result "1/2-1/2"]
[PlyCount "45"]
[EventDate "2013.07.19"]

1. c4 e5 2. g3 Nf6 3. Bg2 d5 4. cxd5 Nxd5 5. Nf3 Nc6 6. Nc3 Nb6 7. O-O Be7 8.
a3 a5 9. d3 Be6 10. Be3 Nd5 11. Nxd5 Bxd5 12. Rc1 O-O 13. Bc5 Re8 14. Bxe7 Qxe7
15. Qa4 Qd6 16. e3 Ne7 17. Qc2 c6 18. Qc5 Qxc5 19. Rxc5 f6 20. Rd1 Red8 21. Kf1
b6 22. Rcc1 c5 23. Ne1 1/2-1/2

[Event "XII Open A"]
[Site "Bergamo ITA"]
[Date "2013.07.21"]
[Round "6"]
[White "Ganci, Stefano"]
[Black "Castrogiovanni, Carlo"]
[WhiteElo "1947"]
[BlackElo "2014"]
[Result "1/2-1/2"]
[PlyCount "85"]
[EventDate "2013.07.19"]

1. b4 d5 2. Bb2 Bf5 3. e3 e6 4. Nf3 Nd7 5. c4 Ngf6 6. c5 c6 7. Be2 b6 8. Nd4
bxc5 9. Nxf5 exf5 10. bxc5 Bxc5 11. Qc2 g6 12. O-O Rc8 13. Ba6 Rb8 14. Bc3 O-O
15. d4 Bd6 16. Nd2 Qc7 17. Nf3 Ba3 18. Rab1 Rxb1 19. Rxb1 Rb8 20. Be1 Rxb1 21.
Qxb1 Qb6 22. Bd3 Qxb1 23. Bxb1 h6 24. Bc2 Kg7 25. Ba4 Nb8 26. Ba5 Bd6 27. Ne1
Ng4 28. Nd3 Na6 29. Kf1 c5 30. dxc5 Nxc5 31. Nxc5 Bxc5 32. Ke2 Kf6 33. Bc2 Bd6
34. Ba4 Ne5 35. Bc3 Ke6 36. Bd4 a5 37. Bc3 Bb4 38. Bd4 Nd7 39. Kd3 Nf8 40. Bc3
Ke7 41. Bb5 Ne6 42. Bc6 Bd6 43. Bxd5 1/2-1/2

[Event "XII Open A"]
[Site "Bergamo ITA"]
[Date "2013.07.21"]
[Round "6"]
[White "Georgiev, Kiril D."]
[Black "Pilgaard, Kim"]
[WhiteElo "2636"]
[BlackElo "2403"]
[Result "1-0"]
[PlyCount "39"]
[EventDate "2013.07.19"]

1. Nf3 Nf6 2. c4 g6 3. Nc3 d5 4. cxd5 Nxd5 5. h4 Bg7 6. h5 Nxc3 7. bxc3 c5 8.
g3 Nc6 9. Bg2 Rb8 10. Qa4 Bd7 11. Qf4 e5 12. Qe3 Qe7 13. d3 O-O 14. Ng5 e4 15.
Nxe4 f5 16. Nxc5 Bxc3+ 17. Kf1 Qd6 18. Nxd7 Qxd7 19. hxg6 f4 20. Qc5 1-0

[Event "XII Open A"]
[Site "Bergamo ITA"]
[Date "2013.07.21"]
[Round "6"]
[White "Godena, Michele"]
[Black "Zimina, Olga"]
[WhiteElo "2524"]
[BlackElo "2330"]
[Result "1/2-1/2"]
[PlyCount "21"]
[EventDate "2013.07.19"]

1. e4 e5 2. Nf3 Nc6 3. Bb5 a6 4. Ba4 Nf6 5. O-O Be7 6. Bxc6 dxc6 7. d3 Nd7 8.
b3 f6 9. Bb2 Nf8 10. Nh4 Be6 11. Nd2 1/2-1/2

[Event "XII Open A"]
[Site "Bergamo ITA"]
[Date "2013.07.21"]
[Round "6"]
[White "Hera, Imre jr"]
[Black "Brunello, Sabino"]
[WhiteElo "2558"]
[BlackElo "2593"]
[Result "1/2-1/2"]
[PlyCount "24"]
[EventDate "2013.07.19"]

1. d4 d5 2. c4 c6 3. Nc3 Nf6 4. e3 Bf5 5. cxd5 cxd5 6. Qb3 Nc6 7. Qxb7 Bd7 8.
Qb3 Rb8 9. Qd1 e5 10. Nf3 Bd6 11. dxe5 Nxe5 12. Be2 O-O 1/2-1/2

[Event "XII Open A"]
[Site "Bergamo ITA"]
[Date "2013.07.21"]
[Round "6"]
[White "Messina, Enrico"]
[Black "Campini, Marco"]
[WhiteElo "2247"]
[BlackElo "2072"]
[Result "1/2-1/2"]
[PlyCount "100"]
[EventDate "2013.07.19"]

1. e4 d6 2. d4 g6 3. Nf3 Bg7 4. Nc3 Nf6 5. Be3 O-O 6. Qd2 Ng4 7. Bg5 f6 8. Bh4
c6 9. h3 Nh6 10. Bd3 Nf7 11. O-O Bh6 12. Qe1 e5 13. Rd1 Qe7 14. dxe5 dxe5 15.
Nh2 Be6 16. Ng4 Bf4 17. Bxf6 Qc7 18. Bh4 Ng5 19. Bxg5 Bxg5 20. Qe2 b5 21. a4 a6
22. Nb1 Nd7 23. axb5 axb5 24. Nd2 h5 25. Ne3 Nc5 26. Nf3 Bh6 27. Nh4 Kh7 28. g4
Qe7 29. Neg2 hxg4 30. hxg4 Nxd3 31. cxd3 Qg5 32. f3 Qe7 33. Kh2 Kg7 34. Rh1 Ra2
35. Rd2 c5 36. Kg3 Rh8 37. Rc2 Bf4+ 38. Nxf4 exf4+ 39. Kxf4 g5+ 40. Kg3 gxh4+
41. Kh3 Qd6 42. Rg1 c4 43. dxc4 Bxc4 44. Qe3 Qf6 45. e5 Qg6 46. Rgc1 Qh6 47. f4
Qc6 48. Qc3 Kg8 49. f5 Ra7 50. Re1 Rg7 1/2-1/2

[Event "XII Open A"]
[Site "Bergamo ITA"]
[Date "2013.07.21"]
[Round "6"]
[White "Migliorini, Matteo"]
[Black "Gagliardi, Christian"]
[WhiteElo "2006"]
[BlackElo "2215"]
[Result "1/2-1/2"]
[PlyCount "36"]
[EventDate "2013.07.19"]

1. e4 c5 2. Nf3 e6 3. c3 d5 4. exd5 Qxd5 5. d4 Nf6 6. Be3 cxd4 7. cxd4 Nc6 8.
Nc3 Qd6 9. a3 Be7 10. Bd3 O-O 11. O-O a6 12. Qe2 b5 13. Rad1 Bb7 14. Ng5 h6 15.
Nge4 Nxe4 16. Nxe4 Qd5 17. Nc3 Qd6 18. Ne4 Qd5 1/2-1/2

[Event "XII Open A"]
[Site "Bergamo ITA"]
[Date "2013.07.21"]
[Round "6"]
[White "Miracola, Massimiliano"]
[Black "Napoli, Nicolo'"]
[WhiteElo "2128"]
[BlackElo "2291"]
[Result "1-0"]
[PlyCount "45"]
[EventDate "2013.07.19"]

1. g3 c5 2. Bg2 Nc6 3. Nf3 d5 4. d4 Nf6 5. O-O cxd4 6. Nxd4 Qb6 7. Nxc6 bxc6 8.
c4 e6 9. Nc3 Be7 10. e4 dxc4 11. e5 Nd5 12. Qg4 g6 13. Ne4 h5 14. Qf3 Ba6 15.
Re1 Qd4 16. Bg5 Qxb2 17. Bxe7 Kxe7 18. Rab1 Qxe5 19. Qa3+ Kd7 20. Qxa6 Rhb8 21.
Rb7+ Nc7 22. Rd1+ Ke7 23. Qxc6 1-0

[Event "XII Open A"]
[Site "Bergamo ITA"]
[Date "2013.07.21"]
[Round "6"]
[White "Movileanu, Daniela"]
[Black "Messina, Roberta"]
[WhiteElo "2030"]
[BlackElo "2089"]
[Result "0-1"]
[PlyCount "80"]
[EventDate "2013.07.19"]

1. e4 c5 2. Nf3 d6 3. d4 cxd4 4. Nxd4 Nf6 5. Nc3 a6 6. Be3 e6 7. f3 b5 8. Qd2
Bb7 9. O-O-O Nbd7 10. g4 Nb6 11. g5 Nfd7 12. Qf2 Rc8 13. h4 Rxc3 14. bxc3 Na4
15. Qd2 d5 16. Bd3 Qc7 17. Ne2 Ba3+ 18. Kb1 O-O 19. h5 Rc8 20. g6 Qa5 21. gxh7+
Kh8 22. Bd4 e5 23. c4 Qxd2 24. Rxd2 bxc4 25. Ba1 Bc6 26. Nc1 Rb8+ 27. Nb3 cxd3
28. cxd3 Kxh7 29. Kc2 d4 30. Rg1 Nac5 31. Rdg2 Ne6 32. Bb2 Bxb2 33. Kxb2 Ndc5
34. Kc2 Ba4 35. Kd2 Bxb3 36. axb3 Rxb3 37. Kc2 Rc3+ 38. Kb2 Nxd3+ 39. Ka2 Nb4+
40. Kb2 Rxf3 0-1

[Event "XII Open A"]
[Site "Bergamo ITA"]
[Date "2013.07.21"]
[Round "6"]
[White "Negro, Roberto"]
[Black "Montilli, Vincenzo"]
[WhiteElo "2185"]
[BlackElo "2015"]
[Result "1-0"]
[PlyCount "87"]
[EventDate "2013.07.19"]

1. c4 e5 2. g3 Nc6 3. Nc3 g6 4. Bg2 Bg7 5. e4 Nge7 6. Nge2 O-O 7. O-O d6 8. d3
Be6 9. Nd5 Qd7 10. Rb1 f5 11. b4 h6 12. b5 Nd8 13. d4 Kh7 14. dxe5 dxe5 15. Ba3
Bxd5 16. exf5 gxf5 17. Bxd5 Qe8 18. Bg2 Rf7 19. Nc3 c6 20. bxc6 Nexc6 21. Nb5
Bf8 22. Bxf8 Qxf8 23. Qd5 a6 24. Nd6 Rd7 25. c5 Qe7 26. Rfe1 Rb8 27. f4 Nf7 28.
Qxf7+ Qxf7 29. Nxf7 Rxf7 30. Bxc6 Rc7 31. Bd5 exf4 32. gxf4 Rxc5 33. Re7+ Kh8
34. Bxb7 Rc2 35. Rb6 Rg8+ 36. Kf1 Rxh2 37. Rd6 Rh4 38. Ke2 Rh2+ 39. Kd3 Rg3+
40. Kc4 Rc2+ 41. Kb4 Rb2+ 42. Kc5 Rc2+ 43. Kb6 Rg7 44. Rxh6+ 1-0

[Event "XII Open A"]
[Site "Bergamo ITA"]
[Date "2013.07.21"]
[Round "6"]
[White "Neuschmied, Siegfried"]
[Black "Guerra, Alessandro"]
[WhiteElo "2243"]
[BlackElo "2212"]
[Result "1/2-1/2"]
[PlyCount "33"]
[EventDate "2013.07.19"]

1. e4 c6 2. d4 d5 3. f3 g6 4. Nc3 Bg7 5. Be3 dxe4 6. fxe4 Nf6 7. Nf3 O-O 8. h3
Nbd7 9. Qd2 Qa5 10. Bd3 e5 11. dxe5 Nxe5 12. Nxe5 Qxe5 13. O-O Bxh3 14. Bf4
Qd4+ 15. Be3 Qe5 16. Bf4 Qd4+ 17. Be3 1/2-1/2

[Event "XII Open A"]
[Site "Bergamo ITA"]
[Date "2013.07.21"]
[Round "6"]
[White "Siclari, Giovanni"]
[Black "Srebrnic, Vojko"]
[WhiteElo "2054"]
[BlackElo "2184"]
[Result "0-1"]
[PlyCount "158"]
[EventDate "2013.07.19"]

1. Nf3 c5 2. c4 g6 3. e4 Bg7 4. d4 cxd4 5. Nxd4 Nc6 6. Be3 Nf6 7. Nc3 O-O 8.
Be2 d6 9. O-O Bd7 10. Qd2 Nxd4 11. Bxd4 Bc6 12. f3 a5 13. b3 Nd7 14. Be3 Nc5
15. Rfc1 Qb6 16. Rab1 Rfc8 17. Rc2 Qd8 18. a3 h5 19. b4 axb4 20. axb4 Na4 21.
Nd5 e6 22. Nf4 Qf6 23. b5 Be8 24. Qxd6 Nc3 25. Rf1 Nxb5 26. Qb4 Nd4 27. Rd2
Nxe2+ 28. Nxe2 Rab8 29. f4 Bf8 30. Qb3 Qe7 31. f5 exf5 32. exf5 Qb4 33. Qxb4
Bxb4 34. Rc2 Bc6 35. fxg6 fxg6 36. Nf4 Be7 37. Rcc1 Re8 38. Bb6 Rbc8 39. Nd5
Bxd5 40. cxd5 Rxc1 41. Rxc1 Bd6 42. h3 Re5 43. Bc7 Rxd5 44. Bxd6 Rxd6 45. Rc7
Rb6 46. Kf2 Rf6+ 47. Kg3 Rf7 48. Rc8+ Kg7 49. Rb8 Kf6 50. Kf3 g5 51. Ke4 Re7+
52. Kf3 Rc7 53. Rh8 Kg6 54. Rg8+ Rg7 55. Rb8 Rf7+ 56. Ke3 Kf5 57. Rc8 h4 58.
Kf3 Kg6+ 59. Ke3 Rd7 60. Rb8 Rc7 61. Kf3 Rc3+ 62. Ke2 Rb3 63. Re8 Kf5 64. Rf8+
Ke4 65. Re8+ Kf4 66. Kf2 Rb2+ 67. Kg1 b5 68. Rf8+ Ke3 69. Rf5 Rb1+ 70. Kh2 b4
71. Rxg5 b3 72. Rg4 b2 73. Rxh4 Rh1+ 74. Kxh1 b1=Q+ 75. Kh2 Qb8+ 76. Kg1 Qc7
77. Ra4 Qc3 78. Kh2 Qd3 79. g3 Qd2+ 0-1

[Event "XII Open A"]
[Site "Bergamo ITA"]
[Date "2013.07.21"]
[Round "6"]
[White "Simonetto, Adriano"]
[Black "Maurer, Jochen"]
[WhiteElo "2026"]
[BlackElo "2293"]
[Result "0-1"]
[PlyCount "108"]
[EventDate "2013.07.19"]

1. d4 Nf6 2. c4 Nc6 3. Nf3 e6 4. Nc3 Bb4 5. e3 O-O 6. Bd3 d5 7. a3 dxc4 8. Bxc4
Bd6 9. b4 e5 10. d5 Ne7 11. h3 Ng6 12. e4 Bd7 13. O-O Nh5 14. Ne1 Nhf4 15. Ne2
b5 16. Nxf4 exf4 17. Be2 a5 18. bxa5 Rxa5 19. f3 Qg5 20. Kh1 Rfa8 21. Nd3 b4
22. Bd2 Rxa3 23. Rb1 Ba4 24. Qc1 Bb5 25. e5 Nxe5 26. Bxf4 Nxd3 27. Bxg5 Nxc1
28. Bxb5 Na2 29. Bc6 Rb8 30. Bc1 Nxc1 31. Rfxc1 g6 32. Re1 Kg7 33. Kg1 Ra2 34.
Rb3 Rb6 35. Reb1 Rc2 36. R3b2 Rxb2 37. Rxb2 Be5 38. Rb3 Bc3 39. f4 Kf6 40. Kf2
Ra6 41. Bb5 Ra5 42. Bc6 Ke7 43. Ke2 Kd6 44. g4 Ra2+ 45. Kf3 Kc5 46. Be8 f6 47.
Bf7 Ra6 48. Rb1 Be5 49. Ke4 Bd6 50. f5 g5 51. Rc1+ Kb5 52. Be8+ Ka5 53. Kd4 b3
54. Kc3 Be5+ 0-1

[Event "XII Open A"]
[Site "Bergamo ITA"]
[Date "2013.07.21"]
[Round "6"]
[White "Solodovnichenko, Yuri"]
[Black "Ivanisevic, Ivan"]
[WhiteElo "2555"]
[BlackElo "2649"]
[Result "1/2-1/2"]
[PlyCount "84"]
[EventDate "2013.07.19"]

1. e4 c5 2. Nf3 d6 3. d4 Nf6 4. Nc3 cxd4 5. Nxd4 Bd7 6. Bg5 e6 7. Ndb5 Bc6 8.
Bxf6 gxf6 9. Qh5 a6 10. Nd4 Bd7 11. O-O-O Nc6 12. Nxc6 bxc6 13. f4 Qb6 14. f5
Qe3+ 15. Kb1 Rb8 16. fxe6 Bxe6 17. Rd3 Qe1+ 18. Qd1 Qxd1+ 19. Rxd1 Rg8 20. g3
a5 21. Ne2 Rg5 22. Nd4 Bd7 23. Bg2 Re5 24. Rhf1 Be7 25. c3 Rh5 26. h3 Re5 27.
Kc2 Kd8 28. Nf5 Bxf5 29. Rxf5 Rxf5 30. exf5 Kd7 31. Re1 Bf8 32. Bf3 d5 33. Rd1
Bd6 34. c4 Be5 35. b3 d4 36. a3 Kd6 37. Rb1 Kc5 38. Kd3 Bxg3 39. b4+ axb4 40.
axb4+ Rxb4 41. Rxb4 Kxb4 42. Bxc6 Kc5 1/2-1/2